| 000 | 00628nam a2200169Ia 4500 | ||
|---|---|---|---|
| 008 | 090201s9999 xx 000 0 und d | ||
| 010 | _aKPL-51697 | ||
| 040 | _bमराठी | ||
| 041 | _aमराठी | ||
| 082 |
_a17009 _b51697 |
||
| 100 | _a भगवान श्री रजनीश | ||
| 245 |
_aगीता दर्शन (अध्याय 2) भाग-1 _c भगवान श्री रजनीश |
||
| 260 |
_c2004 _bजीवन जागृती केंद्र |
||
| 300 |
_a190 _bमोठा |
||
| 600 | _aगीता दर्शन (अध्याय 2) भाग-1 | ||
| 942 | _cBOOK | ||
| 999 |
_c216988 _d216988 |
||